00896 2200313 4500001002100000005001500021035002000036007000300056008004100059040001700100100001700117245012000134250000900254300003100263020002200294041000800316082001200324084001800336090002300354260003000377500003000407650001600437700002300453850001000476990002400486990002400510990002400534990002400558INLIS00000000000268820260601080127 a0010-0620000061ta260601 g 0 ind  aSBPUPADbind0 aHeny pratiwi1 akomitmen mengajar :bsebuah referensi bagi merek yang terpanggil untuk mengajar /cHeny pratiwi, Editor: A. ria P.U aEd.1 a142 hlm. :bilus. ;c23 cm a978-979-29-9961-707aind a370.711 a370.711 HEN k a370.711 HEN k 14 4 aYogyakarta :bAndi,c2019 aBiografi Penulis, hlm 146 4ailmu sosial0 aEditor: A. Ria P.U aPUPAD a34.538/DAK/DPK/2019 a34.540/DAK/DPK/2019 a34.539/DAK/DPK/2019 a34.537/DAK/DPK/2019